00934nam a2200241 4500003000400000005001700004008004100021020001800062040001800080050001500098245014000113264011300253300003300366336002200399337002400421338002400445610003700469650006300506700005400569700004000623942001200663999001700675OSt20260530113903.0260420b2013 spaa|||| |||| 00| 0 spa d a9786074844603 aICIbspacICI aCC135bC6910aConvenciones UNESCO :buna visión articulada desde Iberoamérica /c Francisco Javier López Morales, Francisco Vidargas (editores) 1bInstituto Nacional de Antropología e Historia :bSEP : bCONACULTAbUNAMbUNESCO, c2013aMéxico, D.F. : a299 páginasbilustraciones atexto2rdacontent asin medio2rdamedia avolumen2rdacarrier24aUnescozLatín América932492 4aPatrimonio culturalxProtecciónzAmérica Latina9324931 aLópez Morales, Francisco Javier,eeditor9324941 aVidargas, Francisco,eeditor932495 2lcccBK c11843d11843